00680 2200265 4500001002100000005001500021035002000036007000300056008004100059020002200100082000800122084001800130084001800148084001800166084001800184100001500202245005300217250001400270260002700284300005100311990001300362990001300375990001300388990001300401INLIS00000000000963320230711114058 a0010-0723000163ta230711 g 0 ind  a978-979-070-157-1 a803 a803 SUM e C.1 a803 SUM e C.2 a803 SUM e C.3 a803 SUM e C.40 aSumaryanto1 aEnsiklopedia Kesusatraan Indonesia /cSumaryanto acet. 2020 aSEMARANG :baneka ilmu a132 hlm :billus bergambar warna ;c17 x 25 cm a023.4289 a023.4290 a023.4291 a023.4292